000 00484nam a2200181Ia 4500
005 20250326124051.0
008 250326s9999 xx 000 0 und d
037 _aTextbook
040 _aFMSL
_beng
_cFMSL
041 _aeng
_2eng
084 _aX.1 L2;3
_qFMSL
100 _aMarco L E D
245 0 _aInternational economics and development
_cMarco L E D
260 _aNY
_bNY, Academic
_c1972
300 _a515p
942 _cTB
_hX.1 L2;3
999 _c1272124
_d1272124